Descobreix l'enoturisme : Barcelona és molt més / Barcelona és molt més /
Descripción Física:
23 pàgines ; il·lustracions color ; 17 x 24 cm
Materias:
Enoturisme -- Guies -- Barcelona (Província)
; Barcelona (Catalunya : Província) -- Descripcions i viatges
Idioma:
Catalán
MARC
| LEADER | 00000nam a22000007a 4500 | ||
|---|---|---|---|
| 001 | 27601 | ||
| 003 | Arxiu | ||
| 005 | 20260324181157.0 | ||
| 008 | 230328b spa||||| |||| 00| 0 cat d | ||
| 017 | |a B 23464-2019 | ||
| 040 | |a agdb |b cat | ||
| 245 | |a Descobreix l'enoturisme : |b Barcelona és molt més / |c BCN + Barcelona és molt més ; Diputació de Barcelona | ||
| 260 | |a Barcelona : |b Diputació de Barcelona ; |c 2019 | ||
| 300 | |a 23 pàgines ; |b il·lustracions color ; |c 17 x 24 cm | ||
| 650 | 0 | |a Enoturisme |v Guies |z Barcelona (Província) | |
| 651 | 0 | |9 52924 |a Barcelona (Catalunya : Província) |x Descripcions i viatges | |
| 710 | 2 | |9 51323 |a Barcelona és Molt Més |e marca turística | |
| 710 | 1 | |9 51270 |a Barcelona (Catalunya : Província). |b Gerència de Serveis de Turisme | |
| 710 | |9 53579 |a Barcelona (Catalunya : Província). |b Oficina Tècnica de Turisme | ||
| 710 | 1 | |9 51402 |a Barcelona (Catalunya : Província). |b Oficina de Promoció Turística | |
| 942 | |2 udc |c ARXIU |n 1 | ||
| 952 | |0 0 |1 0 |2 udc |4 0 |6 FU74210 |7 1 |9 65820 |a Arxiu |b Arxiu |d 2023-03-28 |l 0 |o FU-74-210 |p 27601 |r 2023-03-28 00:00:00 |w 2023-03-28 |y ARXIU | ||
| 999 | |c 83265 |d 83265 | ||